书目信息 |
| 题名: |
当代名家写意人物画库
|
|
| 作者: | 贾德江 主编 ;刘大为 , 张嵬 , 罗江 绘 | |
| 分册: | 第1辑 刘大为 张嵬 罗江 | |
| 出版信息: | 北京 北京工艺美术出版社 2009.03 |
|
| 页数: | 56页 | |
| 开本: | 29cm | |
| 丛书名: | ||
| 单 册: | ||
| 中图分类: | J222.7 | |
| 科图分类: | ||
| 主题词: | 写意画 , 人物画 , 写意画--人物画--作品集--中国--现代 | |
| 电子资源: | ||
| ISBN: | 978-7-80526-718-0 | |
| 000 | 01037nam0 22002891 450 | |
| 001 | 004949919 | |
| 005 | 20111224175537.10 | |
| 010 | @a978-7-80526-718-0@dCNY25.00 | |
| 096 | @aJ222.7@bjdj | |
| 100 | @a20100928d2009 em y0chiy50 ea | |
| 101 | 0 | @achi |
| 102 | @aCN@b110000 | |
| 105 | @aa z 000yy | |
| 200 | 1 | @a当代名家写意人物画库@9dang dai ming jia xie yi ren wu hua ku@h第1辑@i刘大为 张嵬 罗江@f贾德江主编 |
| 210 | @a北京@c北京工艺美术出版社@d2009.03 | |
| 215 | @a56页@c照片@d29cm | |
| 330 | @a本书主要收录了刘大为、张嵬、罗江的作品。主要包括:喀什陶艺;大漠行;雪线;人民公仆;达摩东渡图;行吟图;云南印象·彝族;云南印象·壮族等。 | |
| 606 | 0 | @a写意画 |
| 606 | 0 | @a人物画 |
| 606 | 0 | @a写意画@x人物画@x作品集@y中国@z现代 |
| 690 | @aJ222.7@v4 | |
| 701 | 0 | @a贾德江@9jia de jiang@f(1946~)@4主编 |
| 702 | 0 | @a刘大为@9liu da wei@f(1945~)@4绘 |
| 702 | 0 | @a张嵬@9zhang wei@f(1964~)@4绘 |
| 702 | 0 | @a罗江@9luo jiang@f(1959~)@4绘 |
| 801 | 0 | @aCN@bRENTIAN@c20111224 |
| 905 | @a郑州市财税学校图书馆@dJ222.7@eJ237@f3 | |
| 当代名家写意人物画库.第1辑.刘大为 张嵬 罗江/贾德江主编.-北京:北京工艺美术出版社,2009.03 |
| 56页:照片;29cm |
| ISBN 978-7-80526-718-0:CNY25.00 |
| 本书主要收录了刘大为、张嵬、罗江的作品。主要包括:喀什陶艺;大漠行;雪线;人民公仆;达摩东渡图;行吟图;云南印象·彝族;云南印象·壮族等。 |
| ● |
| 相关链接 |
|
|
|
正题名:当代名家写意人物画库
索取号:J222.7/J237
 
预约/预借
| 序号 | 登录号 | 条形码 | 馆藏地/架位号 | 状态 | 备注 |
| 1 | 1065473 | 210654736 | 社科库309/309社科库 75排2列4层/ [索取号:J222.7/J237] | 在馆 | |
| 2 | 1065474 | 210654745 | 社科库309/309社科库 75排2列4层/ [索取号:J222.7/J237] | 在馆 | |
| 3 | 1065475 | 210654754 | 社科库309/309社科库 75排2列4层/ [索取号:J222.7/J237] | 在馆 |